00657nam a2200193Ia 4500008004100000020001500041041001200056082001600068100001700084245009200101250000800193260003400201300000800235650000800243700001800251942000700269999001500276952017200291221030s9999 xx 000 0 und d a8172245317 aEnglish a105.23bZie aR. E. Ziemer 0aPrinciples of Communication Systems, Modualtion & Noisecby R. E. Ziemer, W. H. Tranter a3rd bJaico Pub HouseaMumbaic2001 a812 aECE aW. H. Tranter cBK c7793d7793 pBE 4723g295.00l0o105.23 Zier2024-06-13 00:00:00w2022-10-30yBK003Print4070aMIETLIBbMIETLIBcBL-Academic Block- A, FL-1, CUP-14, SH-4, R-4d2002-01-1510HBE